Bósnia e Herzegovina - Statistics

Estatísticas Gerais
  • Esse quiz foi jogado 12 vezes
  • A pontuação média é 5 de 13
Estatísticas das Respostas
Hint Resposta % Correto
Onde fica? Europa
100%
Qual é a sua capital? Sarajevo
100%
Que país limita a Bósnia e Herzegovina a norte e oeste? Croácia
75%
Que país limita a Bósnia e Herzegovina a sudeste? Montenegro
75%
Que país limita a Bósnia e Herzegovina a leste e a sul? Sérvia
75%
Qual é a sua religião? Islamismo
38%
Qual é o seu código ISO? BIH
25%
Como se chama a sua moeda? Marco conversível
25%
Como se chamam as famosas espetadas de carne moída do país? Ćevapi
0%
Como se chama a dança tradicional do país que acompanha casamentos e festas tradicionais? Kolo
0%
Qual é o símbolo nacional do país? Lirio-dourado
0%
Como se chama a cidade mais antiga do país? Pocitelj
0%
Como se chama o doce típico do país? Tufahija
0%
Nenhum quiz correspondente encontrado
Distribuição das Pontuações
Porcentagem de Pessoas com Cada Pontuação
Percentil de Números Respondidos
Sua Pontuação Histórica
Você não jogou esse quiz